| 000 | 00538nam a2200205Ia 4500 | ||
|---|---|---|---|
| 001 | 14905 | ||
| 003 | GE_BSU | ||
| 008 | 181216s||||||||xx |||||||||||||| ||und|| | ||
| 040 | _cGE_BSU | ||
| 080 | _a512+514 | ||
| 100 | _aБахман,Ф. Шмидт, Э. | ||
| 245 | _an-угольники | ||
| 245 | _cПер. с немецк. А.И. Сироты. Под ред. И.М. Яглома | ||
| 260 | _aМосква | ||
| 260 | _bМир | ||
| 260 | _c1973 | ||
| 300 | _a245стр.20см. | ||
| 653 | _an-угольники | ||
| 942 | _cBK | ||
| 999 |
_c48025 _d48025 |
||